000
002680000a22000970004500
100
1
_a
Schipani, Daniel S.
245
1
0
_a
Aproximación para una pastoral del matrimonio en crisis
300
_a
Num. 10 (1981), Páginas 47-52
773
0
_t
Psicología pastoral
942
_c
ANA
999
_c
53308
_d
53308